Vélez Sársfield: vida y obra codificadora

Salvato in:
Dettagli Bibliografici
Ente Autore: Academia Nacional de Derecho y Ciencias Sociales de Córdoba (Autore)
Natura: Libro
Lingua:spagnolo
Pubblicazione: Córdoba Academia Nacional de Derecho y Ciencias Sociales de Córdoba 2000
Serie:Academia Nacional de Derecho y Ciencias Sociales de Córdoba, 25
Soggetti:
Tags: Aggiungi Tag
Nessun Tag, puoi essere il primo ad aggiungerne!!

MARC

LEADER 00000cam a2200000 a 4500
001 UCO9930
003 CL-VaPUC
008 010316e20000000AG |||||||||||||||||spa|d
082 0 4 |a 340.109  |b ACA  |2 21 
110 2 |a Academia Nacional de Derecho y Ciencias Sociales de Córdoba  |e author  |9 455157 
245 1 0 |a Vélez Sársfield: vida y obra codificadora 
300 |a 193 p 
942 |c BK 
945 |d 20010316 00:00:00  |a vberengu 
260 |a Córdoba  |b Academia Nacional de Derecho y Ciencias Sociales de Córdoba  |c 2000 
600 0 |a Vélez Sarsfield, Dalmacio  |9 449047 
650 0 |a Biografías  |9 255210 
650 0 |a Juristas  |9 255986 
650 0 |a Código civil argentino  |9 395109 
651 0 |a Argentina  |9 254888 
583 |a last modification  |c 20150409 12:45:27  |k Rodrigo Vera 
490 0 |a Academia Nacional de Derecho y Ciencias Sociales de Córdoba, 25 
999 |c 293944  |d 293942 
952 |0 0  |1 0  |4 0  |6 340_109000000000000_ACA_2000  |7 0  |8 A  |9 345741  |a BIBDER  |b BIBDER  |d 2019-11-20  |i 3699978  |o 340.109 ACA 2000  |p 3699978  |r 2023-01-25  |w 2019-11-20  |y BK  |k DER 
952 |0 0  |1 0  |3 erb  |4 0  |6 340_109000000000000_ACA_2000  |7 0  |8 A  |9 345742  |a BIBDER  |b BIBDER  |i 5145694  |o 340.109 ACA 2000  |p 5145694  |r 2023-01-25  |w 2019-11-20  |y BK  |z Catalogado en:20150416  |k DER